000 00882nam a2200277Ia 4500
999 _c53927
_d53927
001 20978
003 GE_BSU
005 20221107163840.0
008 181216s||||||||xx |||||||||||||| ||und||
020 _a9780736036825 X
040 _cGE_BSU
080 _a612.7 W-63
100 _aWhiting, William C.
_912176
245 _aDynatomy - Dynamic Human Anatomy /
_cWilliam C. Whiting, Rugg Stuart.
264 _aAmerica :
_bHUMAN KINETICS,
_c2006.
300 _a246 p. :
_bill. ;
_c28 cm.
541 _h201gel.
653 _aDynatomy - Dynamic Human Anatomy
653 _aHuman locomotion
653 _aMusculoskeletal system
653 _aHuman anatomy
653 _aდინამიკა - დინამიური ადამიანის ანატომია
653 _aმედიცინა
700 _aStuart, Rugg
_eby
_912177
942 _cBK
_2udc